Central Library OPAC University of Rajshahi

Up from slavery / (Record no. 23774)

MARC details
000 -LEADER
fixed length control field 00776nam a22002292 4500
001 - CONTROL NUMBER
control field 23774
003 - CONTROL NUMBER IDENTIFIER
rucl marc code BD-RjUL
005 - DATE AND TIME OF LATEST TRANSACTION
control field 20211209000953.0
008 - FIXED-LENGTH DATA ELEMENTS--GENERAL INFORMATION
fixed length control field 140311s1966 enk 000 0 eng d
035 ## - SYSTEM CONTROL NUMBER
System control number OCLC ocm30204895 from D970319M
-- (BD-RjUL)23839
040 ## - CATALOGING SOURCE
Original cataloging agency UKM
Transcribing agency UKM
Modifying agency EQO
-- BD-RjUL
Language of cataloging eng
041 ## - LANGUAGE CODE
Language code of text/sound track or separate title eng
082 04 - DEWEY DECIMAL CLASSIFICATION NUMBER
Classification number 370.924
Edition number 18
Author mark and year WAU 1966
100 1# - MAIN ENTRY--PERSONAL NAME
Personal name Washington, Booker T.,
Dates associated with a name 1856-1915
9 (RLIN) 73204
245 10 - TITLE STATEMENT
Title Up from slavery /
Statement of responsibility, etc. abridged and simplified by M.. E. Carter, illustrated by J.C.B. Knight.
260 ## - PUBLICATION, DISTRIBUTION, ETC. (IMPRINT)
Name of publisher, distributor, etc. Longmans,
Date of publication, distribution, etc. 1966.
Place of publication, distribution, etc. London :
300 ## - PHYSICAL DESCRIPTION
Pagination 119 p. :
Illustrations ill. ;
Size 19 cm.
490 1# - SERIES STATEMENT
Series statement Lives of achievement series
650 #7 - SUBJECT ADDED ENTRY--TOPICAL TERM
Topical term or geographic name as entry element Washington, Booker T., -- 1856-1915.
9 (RLIN) 73205
830 #0 - SERIES ADDED ENTRY--UNIFORM TITLE
Uniform title Lives of achievement series
942 ## - ADDED ENTRY ELEMENTS (KOHA)
Source of classification or shelving scheme Dewey Decimal Classification
Koha item type Books
Holdings
Lost status Source of classification or shelving scheme Damaged status Not for loan Permanent Location Current Location Shelving location Date acquired Source of acquisition Cost, normal purchase price Total Checkouts Full call number Date last seen Copy number Koha item type Collection code
  Dewey Decimal Classification     Central Library, University of Rajshahi Central Library, University of Rajshahi   04/01/1969 Zeitlinger 3.60   370.924 WAU 1966 11/03/2014 C-3 Books  
  Dewey Decimal Classification   Added to bundle Central Library, University of Rajshahi Central Library, University of Rajshahi Reading Room 04/01/1969 Zeitlinger. 3.60   370.924 WAU 1966 30/03/2014 C-1 Books Non-fiction
  Dewey Decimal Classification     Central Library, University of Rajshahi Central Library, University of Rajshahi   04/01/1969 Zeitlinger. 3.60   370.924 WAU 1966 30/03/2014 C-2 Books Non-fiction
  Dewey Decimal Classification     Central Library, University of Rajshahi Central Library, University of Rajshahi   04/01/1969 Zeitlinger. 3.60   370.924 WAU 1966 30/03/2014 C-4 Books Non-fiction